| 000 | 00000nam 2200000za 4500 |
| 001 | 9.802571 |
| 003 | CaOODSP |
| 005 | 20221107135021 |
| 007 | cr ||||||||||| |
| 008 | 150807s2015 xxc|||||o f|0| 0 eng d |
| 020 | |a978-0-660-03177-4 |
| 040 | |aCaOODSP|beng |
| 043 | |an-cn--- |
| 086 | 1 |aCS89-654/5-2015E-PDF |
| 245 | 02|aA profile of the labour market experiences of adults with disabilities among Canadians aged 15 years or older, 2012 |h[electronic resource] / |cby Matthew Till ... [et al.]. |
| 246 | 1 |iAt head of title : |aCanadian Survey on Disability, 2012 |
| 260 | |aOttawa : |bStatistics Canada, |c2015. |
| 300 | |a20 p. : |bgraphs, table, glossary. |
| 500 | |aRelease date: December 3, 2015. |
| 500 | |aIssued also in French under title: Profil des expériences sur le marché du travail: adultes canadiens de 15 ans et plus ayant une incapacité, 2012. |
| 504 | |aIncludes bibliographical references. |
| 692 | 07|2gccst|aPersons with disabilities |
| 710 | 2 |aStatistics Canada. |
| 775 | 08|tProfil des expériences sur le marché du travail des adultes |w(CaOODSP)9.802572 |
| 856 | 40|qPDF|s565 KB|uhttps://publications.gc.ca/collections/collection_2015/statcan/89-654-x2015005-eng.pdf |